Szczegóły MARC21

Zasadnicza Szkoła Chemiczna, Technikum Chemiczne, Liceum Chemiczne, IX Liceum Ogólnokształcące /

003 -Nazwa inst., której nr kontr. jest w polu 001 [,]
    • @
    • Nazwa instytucji, której n kontrolny jest w polu 001
    • NUKAT
005 -DATA I CZAS OSTATNIEJ MODYFIKACJI [,]
    • @
    • pole kontrolne
    • 20241231111309.0
020 -Międzynarod. znormalizowany nr książki - ISBN [ , ]
    • a
    • Numer ISBN
    • 8390104237 Find
040 -Instytucja sporządzająca opis [ , ]
    • a
    • Instytucja, która sporządziła opis (NP)
    • NUKAT
    • c
    • Instytucja, która sporządziła rekord (NP)
    • WA U/ED
    • d
    • Instytucja, która zmodyfikowała rekord (P)
    • WA U/AP
942 -Rodzaj dokumentu [ , ]
    • c
    • Rodzaj dokumentu
    • Książka
100 -Hasło główne - nazwa osobowa [1, ]
    • a
    • Nazwa osobowa (NP)
    • Bodziachowska, Katarzyna
    • d
    • Daty biograficzne (NP)
    • (1969- ).
    • 9
    • KHW
    • 416598
245 -Strefa tytułu i oznaczenia odpowiedzialności [1,0]
    • a
    • Tytuł
    • Zasadnicza Szkoła Chemiczna, Technikum Chemiczne, Liceum Chemiczne, IX Liceum Ogólnokształcące / Find
    • c
    • Pozostałe elementy strefy tytułu i oznaczenia odpowiedzialności (NP)
    • [oprac. Katarzyna Bodziachowska, Jadwiga Niezgoda].
246 -Wariant tytułu [1,4]
    • a
    • Tytuł (NP)
    • XXX-lecie :
    • b
    • Ciąg dalszy tytułu (NP)
    • Zespół Szkół im. C. K. Norwida
246 -Wariant tytułu [1,0]
    • a
    • Tytuł (NP)
    • Zespół Szkół im. C. K. Norwida
260 -Strefa adresu wydawniczego [ , ]
    • a
    • Miejsce wydania (P)
    • Częstochowa :
    • b
    • Nazwa wydawcy (P)
    • Komitet Organizacyjny Obchodów 30-lecia Zespołu Szkół im. C. K. Norwida,
    • c
    • Data wydania (P)
    • 1995.
300 -Strefa opisu fizycznego [ , ]
    • a
    • Określenie formy książki i/lub objętość (NP)
    • 158 s., [16] s. tab. ;
    • c
    • Format (NP)
    • 21 cm.
336 -Typ zawartości [ , ]
    • a
    • Termin opisujący typ zawartości
    • Tekst
    • b
    • Kod określający zawartość
    • txt
    • 2
    • Źródło (terminu i kodu)
    • rdacontent
337 -Typ mediów [ , ]
    • a
    • Tryb odtwarzania
    • Bez urządzenia pośredniczącego
    • b
    • Kod typu mediów
    • n
    • 2
    • Źródło (terminu i kodu)
    • rdamedia
338 -Typ/rodzaj nośnika [ , ]
    • a
    • Hasło opisujące typ nośnika
    • Wolumin
    • b
    • Kod typu nośnika
    • nc
    • 2
    • Źródło (terminu i kodu)
    • rdacarrier
520 -Adnotacja wyjaśniająca lub analiza wskazująca [8, ]
    • a
    • Adnotacja wyjaśniająca lub analiza wskazująca
    • Monografia szkoły.
610 -Hasło przedmiotowe w formie nazwy ciała zbiorowego [2,7]
    • a
    • Nazwa ciała zbiorowego lub nazwa geograficzna
    • Zespół Szkół im. Cypriana Kamila Norwida (Częstochowa)
    • x
    • Określnik ogólny
    • historia.
    • 2
    • Źródło terminu
    • kaba
    • 9
    • KHW
    • 416680
610 -Hasło przedmiotowe w formie nazwy ciała zbiorowego [2,7]
    • a
    • Nazwa ciała zbiorowego lub nazwa geograficzna
    • Zespół Szkół im. Cypriana Kamila Norwida (Częstochowa)
    • x
    • Określnik ogólny
    • absolwenci
    • v
    • Określnik formalny
    • rejestry.
    • 2
    • Źródło terminu
    • kaba
    • 9
    • KHW
    • 416679
700 -Hasło dodatkowe - nazwa osobowa [1, ]
    • a
    • Nazwa osobowa (NP)
    • Niezgoda, Jadwiga. Find
    • 9
    • KHW
    • 416599
710 -Hasło dodatkowe - nazwa ciała zbiorowego [2, ]
    • a
    • Nazwa ciała zbiorowego lub nazwa geograficzna jako pierwszy element (NP)
    • Regionalny Ośrodek Doskonalenia Nauczycieli "WOM" (Częstochowa).
    • b
    • Nazwa jednostki podrzędnej (P)
    • Wydawnictwo.
    • 4
    • Kod relacji
    • pbl
    • 9
    • KHW
    • 516554
920 -ISBN [ , ]
    • a
    • ISBN
    • 83-901042-3-7 Find
Lokalizacja Data inwentaryzacji Status udost. Numer inwentarzowy
BG1997-04-301Pd.9743